Wszystkie polskie kluby piłkarskie do V ligi 2024/25 - Statystyki

Ogólne statystyki
  • Ten quiz został rozwiązany 228 razy
  • Średni wynik to 67 z 556
Statystyki odpowiedzi
Liga Klub % Poprawnych
Legia Warszawa
86%
Lech Poznań
81%
Ekstraklasa Jagiellonia
78%
Pogoń Szczecin
78%
1. Liga Arka Gdynia
77%
Widzew Łódź
77%
Cracovia
76%
Górnik Zabrze
76%
Motor Lublin
76%
Wisła Kraków
76%
Lechia Gdańsk
75%
Raków Częstochowa
74%
Śląsk Wrocław
74%
GKS Katowice
72%
ŁKS Łódź
72%
Stal Mielec
71%
Zagłębie Lubin
71%
Radomiak Radom
70%
Piast Gliwice
68%
Puszcza Niepołomice
68%
Ruch Chorzów
68%
Wisła Płock
68%
Polonia Warszawa
67%
Korona Kielce
66%
Odra Opole
63%
Polonia Bytom
63%
Stal Rzeszów
62%
Warta Poznań
61%
Kotwica Kołobrzeg
60%
Wieczysta Kraków
60%
Górnik Łęczna
58%
Stal Stalowa Wola
58%
GKS Tychy
57%
Pogoń Siedlce
57%
Elana Toruń
56%
Zawisza Bydgoszcz
56%
Resovia
55%
Zagłębie Sosnowiec
55%
Znicz Pruszków
55%
Miedź Legnica
54%
Termalica Nieciecza
54%
Chrobry Głogów
53%
Hutnik Kraków
53%
Podbeskidzie Bielsko-Biała
50%
Olimpia Grudziądz
49%
2. Liga Pogoń Grodzisk Mazowiecki
48%
Stomil Olsztyn
48%
KKS Kalisz
47%
Olimpia Elbląg
47%
3. Liga gr. 4 Sandecja Nowy Sącz
46%
Wisła Puławy
42%
Chojniczanka Chojnice
41%
GKS Bełchatów
41%
Legia II Warszawa
40%
Lech II Poznań
39%
Świt Szczecin
38%
3. Liga gr. 1 Unia Skierniewice
38%
Flota Świnoujście
36%
GKS Jastrzębie
36%
Rekord Bielsko-Biała
36%
Lechia Zielona Góra
35%
ŁKS Łomża
35%
Skra Częstochowa
35%
Wigry Suwałki
35%
Zagłębie II Lubin
35%
ŁKS II Łódź
34%
Garbarnia Kraków
32%
Jagiellonia II
32%
Pogoń II Szczecin
31%
3. Liga gr. 3 Śląsk II Wrocław
31%
Siarka Tarnobrzeg
29%
Unia Tarnów
29%
4. Liga Łódzkie Widzew II Łódź
29%
Wisła II Kraków
29%
Avia Świdnik
27%
Górnik Polkowice
27%
KSZO Ostrowiec Świętokrzyski
27%
Podhale Nowy Targ
27%
4. Liga Śląskie Raków II Częstochowa
27%
Górnik II Zabrze
26%
Gryf Słupsk
26%
Lechia Tomaszów Mazowiecki
26%
Cracovia II
25%
Odra Wodzisław Śląski
25%
Wisła II Płock
25%
Broń Radom
24%
Korona II Kielce
24%
Motor II Lublin
24%
Polonia Środa Wielkopolska
24%
Piast II Gliwice
23%
ROW Rybnik
23%
Ślęza Wrocław
23%
3. Liga gr. 2 Sokół Kleczew
23%
Błękitni Stargard
22%
Gryf Wejherowo
22%
Miedź II Legnica
22%
Stal II Mielec
22%
Chełmianka Chełm
21%
MKS Kluczbork
21%
Wisłoka Dębica
21%
Gwardia Koszalin
20%
Bałtyk Gdynia
19%
Hetman Zamość
19%
Olimpia Zambrów
19%
Pelikan Łowicz
19%
Radomiak II Radom
19%
Ruch II Chorzów
19%
5. Liga Wielkopolskie 2 Górnik Konin
18%
Polonia II Warszawa
18%
Ruch Radzionków
18%
Stilon Gorzów Wielkopolski
18%
Warta Sieradz
18%
Hutnik Warszawa
17%
Karpaty Krosno
17%
Odra II Opole
17%
Radunia Stężyca
17%
Unia Swarzędz
17%
Mławianka Mława
16%
Star Starachowice
16%
Carina Gubin
15%
Legionovia Legionowo
15%
Wda Świecie
15%
Chrobry II Głogów
14%
Gedania Gdańsk
14%
GKS II Tychy
14%
Górnik II Łęczna
14%
Karkonosze Jelenia Góra
14%
Mieszko Gniezno
14%
Podlasie Biała Podlaska
14%
Pogoń II Siedlce
14%
Sokół Ostróda
14%
Sparta Katowice
14%
Świt Nowy Dwór Mazowiecki
14%
5. Liga Śląskie 1 Szombierki Bytom
14%
Warta Gorzów Wielkopolski
14%
Bytovia Bytów
13%
Jeziorak Iława
13%
Kotwica II Kołobrzeg
13%
Odra Bytom Odrzański
13%
RKS Radomsko
13%
Stal Brzeg
13%
Tarnovia Tarnów
13%
Termalica II Nieciecza
13%
Cartusia Kartuzy
12%
GKS Wikielec
12%
Jarota Jarocin
12%
Polonia Bydgoszcz
12%
Polonia Leszno
12%
Polonia Słubice
12%
Sokół Aleksandrów Łódzki
12%
Unia Oświęcim
12%
Ursus Warszawa
12%
4. Liga Mazowiecka Ząbkovia Ząbki
12%
Concordia Elbląg
11%
Czarni Połaniec
11%
Kotwica Kórnik
11%
Mazur Ełk
11%
Narew Ostrołęka
11%
Nielba Wągrowiec
11%
Podbeskidzie II Bielsko-Biała
11%
Świdniczanka Świdnik
11%
Znicz II Pruszków
11%
KKS II Kalisz
10%
ŁKS III Łódź
10%
Lublinianka Lublin
10%
Ostrovia Ostrów Wielkopolski
10%
Wiara Lecha Poznań
10%
Zagłębie II Sosnowiec
10%
Chemik Bydgoszcz
9%
Igloopol Dębica
9%
JKS Jarosław
9%
Łada Biłgoraj
9%
Lechia Dzierżoniów
9%
Lewart Lubartów
9%
4. Liga Wielkopolskie Lipno Stęszew
9%
LKS Goczałkowice Zdrój
9%
Naprzód Jędrzejów
9%
Noteć Czarnków
9%
Olimpia II Elbląg
9%
Podlesianka Katowice
9%
Pogoń Nowe Skalmierzyce
9%
Polonia Lidzbark Warmiński
9%
4. Liga Opolskie Polonia Nysa
9%
Sparta Brodnica
9%
4. Liga Lubelskie Stal Kraśnik
9%
Szczakowianka Jaworzno
9%
Victoria Sulejówek
9%
Victoria Września
9%
Vineta Wolin
9%
Warta Śrem
9%
Wybrzeże Rewalskie Rewal
9%
Znicz Biała Piska
9%
Bałtyk Koszalin
8%
Chojniczanka II Chojnice
8%
Cuiavia Inowrocław
8%
Czarni Jasło
8%
Gwarek Tarnowskie Góry
8%
5. Liga Małopolskie Zachód Hutnik II Kraków
8%
Sokół Pniewy
8%
Chemik Police
7%
KTS Weszło
7%
Limanovia Limanowa
7%
Orlęta Radzyń Podlaski
7%
Polonia II Środa Wielkopolska
7%
Rozwój Katowice
7%
Avia Kamionki
6%
Beskid Andrychów
6%
Ceramika Opoczno
6%
Czarni Żagań
6%
Dozamet Nowa Sól
6%
GKS II Jastrzębie
6%
4. Liga Małopolskie Glinik Gorlice
6%
Huragan Wołomin
6%
Izolator Boguchwała
6%
Jaguar Gdańsk
6%
4. Liga Zachodniopomorskie Kluczevia Stargard
6%
4. Liga Podlaskie KS Wasilków
6%
KS Wiązownica
6%
Lech Rypin
6%
Lider Swarzędz
6%
Meblorz Swarzędz
6%
5. Liga Małopolskie Wschód Okocimski Brzesko
6%
Olimpia Koło
6%
Pogoń Lębork
6%
Pogoń-Sokół Lubaczów
6%
Pomezania Malbork
6%
Ruch Wysokie Mazowieckie
6%
Skra II Częstochowa
6%
Stolem Gniewino
6%
Stomil II Olsztyn
6%
4. Liga Kujawsko-Pomorskie Tłuchovia Tłuchowo
6%
Unia Solec Kujawski
6%
Unia Wąbrzeźno
6%
Warmia Grajewo
6%
Wieczysta II Kraków
6%
Wisła Borek Wielkopolski
6%
Wiślanie Skawina
6%
Zjednoczeni Stryków
6%
Zjednoczeni Trzemeszno
6%
Dąb Dębno
5%
Granat Skarżysko-Kamienna
5%
Granica Kętrzyn
5%
Grom Nowy Staw
5%
Kania Gostyń
5%
KP Starogard Gdański
5%
Marcovia Marki
5%
5. Liga Mazowieckie 2 Mazur Karczew
5%
Moto Jelcz Oława
5%
Obra Kościan
5%
Pilica Białobrzegi
5%
Pogoń Mogilno
5%
Promień Żary
5%
Przemysław Poznań
5%
Rekord II Bielsko-Biała
5%
Tarnovia Tarnowo Podgórne
5%
Unia Turza Śląska
5%
Astra Krotoszyn
4%
Barycz Sułów
4%
BKS Stal Bielsko-Biała
4%
Bug Wyszków
4%
Dalin Myślenice
4%
Hetman Włoszczowa
4%
Huragan Pobiedziska
4%
Iskra Pszczyna
4%
Kasztelan Sierpc
4%
Kolejarz Stróże
4%
5. Liga Wielkopolskie 1 KP Piła
4%
KS Kutno
4%
5. Liga Mazowiecka 1 KS Łomianki
4%
Lechia II Zielona Góra
4%
ŁKS Łagów
4%
LKS Ślesin
4%
Mamry Giżycko
4%
Mazovia Mińsk Mazowiecki
4%
Mrągowia Mrągowo
4%
Mustang Ostaszewo
4%
Omega Kleszczów
4%
Orzeł Przeworsk
4%
Orzeł Wałcz
4%
Piast Kobylnica
4%
Piast Nowa Ruda
4%
Piast Żmigród
4%
Pogoń Świebodzin
4%
Polonia Piotrków Trybunalski
4%
Śląsk Świętochłowice
4%
Sokół Sieniawa
4%
4. Liga Świętokrzyskie Sparta Kazimierza Wielka
4%
4. Liga Lubuskie Stal Jasień
4%
Start Krasnystaw
4%
Tomasovia Tomaszów Lubelski
4%
Tur Bielsk Podlaski
4%
Warta II Gorzów Wielkopolski
4%
Wisła Dobrzyń
4%
Wkra Żuromin
4%
WKS Wieluń
4%
Żyrardowianka Żyrardów
4%
AKS SMS Łódź
3%
Alit Ożarów
3%
Avia II Świdnik
3%
Bielawianka Bielawa
3%
Błękitni II Stargard
3%
Centra Ostrów Wielkopolski
3%
Darłovia Darłowo
3%
Głogovia Głogów Małopolski
3%
Huragan Międzyrzec Podlaski
3%
Ilanka Rzepin
3%
Ina Goleniów
3%
Janowianka Janów Lubelski
3%
Klimontowianka Klimontów
3%
Lubań Maniowy
3%
Lubuszanin Drezdenko
3%
Lubuszanin Trzcianka
3%
Łużyce Lubań
3%
Małapanew Ozimek
3%
Mechanik Bobolice
3%
MKP Szczecinek
3%
MKS Piaseczno
3%
MKS Trzebinia
3%
Opolanin Opole Lubelskie
3%
Orzeł Kolno
3%
Oskar Przysucha
3%
Pcimianka Pcim
3%
Piast Strzelce Opolskie
3%
Pniówek Pawłowice Śląskie
3%
Polonia Głubczyce
3%
Polonia Golina
3%
Promień Mońki
3%
Rawia Rawicz
3%
Ruch Zdzieszowice
3%
Sparta Oborniki
3%
Sparta Szamotuły
3%
Sparta Szepietowo
3%
Start Pruszcz
3%
Sygnał Lublin
3%
UKS Śrem
3%
Victoria Ostrzeszów
3%
Warta Działoszyn
3%
Wierna Małogoszcz
3%
Wissa Szczuczyn
3%
Zawisza Rzgów
3%
AKS Mikołów
2%
Błonianka Błonie
2%
Cosmos Nowotaniec
2%
Drukarz Warszawa
2%
Energia Kozienice
2%
Górnik Złotoryja
2%
Granit Bychawa
2%
Kolejarz Chojnice
2%
KS Michałowo
2%
KS Raszyn
2%
KS Śniadowo
2%
LKS Gołuchów
2%
Łysica Bodzentyn
2%
MKS Przasnysz
2%
MOSP Białystok
2%
Nadnarwianka Pułtusk
2%
Nasza Dyskobolia Grodzisk Wielkopolski
2%
Neptun Końskie
2%
Ner Poddębice
2%
Polonia Chodzież
2%
Polonia Łaziska Górne
2%
Polonia Środa Śląska
2%
Polonia-Stal Świdnica
2%
Przemsza Siewierz
2%
Sokół Nisko
2%
Stal Łańcut
2%
Start Brzeziny
2%
Supraślanka Supraśl
2%
Syrena Zbąszynek
2%
Tęcza Biskupiec
2%
Unia II Tarnów
2%
Victoria Jaworzno
2%
Warta Międzychód
2%
Wierzyca Pelplin
2%
Wilga Garwolin
2%
Zawisza Łęka Opatowska
2%
1922 Lechia Kostrzyn
1%
AKS Busko-Zdrój
1%
Anioły Garczegorze
1%
Beskid Skoczów
1%
Biali Sądów
1%
Błyskawica Gać
1%
Bocheński KS
1%
Czarni Czarna Białostocka
1%
Czarni Pruszcz Gdański
1%
Czarni Witnica
1%
Dąb Przybyszów
1%
Dąbroczanka Pępowo
1%
Delta Słupno
1%
DKS Dobre Miasto
1%
Drogowiec Jedlińsk
1%
Dunajec Nowy Sącz
1%
Escola Varsovia
1%
Forteca Świerklany
1%
Fortuna Głogówek
1%
Gavia Choszczno
1%
GKS Dopiewo
1%
GKS Jaraczewo
1%
GKS Rudki
1%
Gwarek Ornontowice
1%
Hetman Tykocin
1%
Iskierka Śmierdnica
1%
Iskra Szydłowo
1%
Józefovia Józefów
1%
Kalwarianka Kalwaria Zebrzydowska
1%
Kłos Budzyń
1%
Kłos Zaniemyśl
1%
Kmita Zabierzów
1%
Korona Piaski
1%
Krobianka Krobia
1%
Krypnianka Krypno
1%
KS Chełmek
1%
KS CK Troszyn
1%
KS Panki
1%
KS Stilon II Gorzów Wielkopolski
1%
4. Liga Pomorskie KTS-K Luzino
1%
Kujawiak Kowal
1%
Kuźnia Ustroń
1%
Legion Pilzno
1%
Leśnik Manowo
1%
LKS Czaniec
1%
LKS Jankowy
1%
Łokietek Brześć Kujawski
1%
LZS Piotrówka
1%
LZS Starowice Dolne
1%
LZS Walce
1%
Makowianka Maków Mazowiecki
1%
Mazur Gostynin
1%
Metal Tarnów
1%
Moravia Morawica
1%
5. Liga Śląskie 2 MRKS Czechowice-Dziedzice
1%
Mszczonowianka Mszczonów
1%
Niwa Nowa Wieś
1%
Noteć Łabiszyn
1%
Odra Miasteczko Śląskie
1%
Odra Nietków
1%
Olimp Gościno
1%
Orkan Buczek
1%
Orkan Chorzemin
1%
Orlęta Aleksandrów Kujawski
1%
Orlęta Czyżew
1%
Orzeł Kawęczyn
1%
Orzeł Łękawica
1%
Orzeł Mysłakowice
1%
Orzeł Nieborów
1%
Orzeł Ryczów
1%
Orzeł Ząbkowice Śląskie
1%
Ożarowianka Ożarów Mazowiecki
1%
PAF Płońsk
1%
Piast Czekanów
1%
Pisa Barczewo
1%
Podhalanin Biecz
1%
Pogoń Łobżenica
1%
Pogoń Skwierzyna
1%
Pogoń Staszów
1%
Polanin Strzałkowo
1%
Polonia Marcinki Kępno
1%
Polonus Kazimierz Biskupi
1%
Pomorzanin Serock
1%
Poprad Muszyna
1%
Prochowiczanka Prochowice
1%
Proch Pionki
1%
Przebój Wolbrom
1%
Raba Dobczyce
1%
Rominta Gołdap
1%
Skalnik Sulejów
1%
Skawa Wadowice
1%
Śląsk Łubniany
1%
4. Liga Dolnośląskie Słowianin Wolibórz
1%
Sokół Kamień
1%
4. Liga Podkarpackie Sokół Kolbuszowa Dolna
1%
Sokół Serock
1%
Sokół Słopnice
1%
Sparta Grębocice
1%
Sparta Gryfice
1%
Spartakus Daleszyce
1%
Sparta Sycewice
1%
Spójnia Landek
1%
Sprotavia Szprotawa
1%
Stal Sulęcin
1%
4. Liga Warmińsko-Mazurskie Start Nidzica
1%
Strug Tyczyn
1%
Supra Kwidzyn
1%
Szreniawa Nowy Wiśnicz
1%
Talent Warszawa
1%
Tarpan Mrocza
1%
Tempo Puńców
1%
Turośnianka Turośń Kościelna
1%
Tygrys Huta Mińska
1%
Unia Dąbrowa Górnicza
1%
Victoria Częstochowa
1%
Victoria Szczaniec
1%
Wełna Skoki
1%
Wisłok Wiśniowa
1%
Zalesianka Zalesie
1%
Zamek Gołańcz
1%
Żbik Nasielsk
1%
Znicz Kłobuck
1%
Zryw Wygoda
1%
Arka Pawłów
0%
Błękitni Modlnica
0%
Błyskawica Drogomyśl
0%
Drama Zbrosławice
0%
Drzewiarz Jasienica
0%
Dunajec Zakliczyn
0%
Geo-Eko Ekoball Stal Sanok
0%
GKS Nowiny
0%
GLKS Gromnik
0%
GLKS Wilkowice
0%
Gród Podegrodzie
0%
Gryf Zamość
0%
Iskra Księginice
0%
Jedność Przyszowice
0%
Jordan Jordanów
0%
Jutrzenka Giebułtów
0%
Kłos Chełm
0%
Kłos Gałowo
0%
Korona Stróżewo
0%
KS Nowa Jastrząbka-Żukowice
0%
Łęgovia Łęg Tarnowski
0%
Liswarta Krzepice
0%
LKS Bełk
0%
LKS Chlebnia
0%
LKS Jawiszowice
0%
LKS Krzyżanowice
0%
LKS Promna
0%
LKS Szaflary
0%
LKS Tworków
0%
LZS Bogacica
0%
LZS Cielcza
0%
LZS Starościn
0%
Milan Milanówek
0%
Naprzód Zielonki
0%
Olimpia Olsztynek
0%
Orlęta Kielce
0%
Orzeł Dębno
0%
Orzeł Miedary
0%
Płomień Przyprostynia
0%
Podhalanka Milówka
0%
Pogoń Skotniki
0%
Polonia Karłowice
0%
Porawie Większyce
0%
Radziszowianka Radziszów
0%
Silesia Miechowice
0%
Sokół Kocmyrzów Baranówka
0%
Sokół Szamocin
0%
Stal-Śrubiarnia Żywiec
0%
Tempo Białka
0%
Unia Rędziny
0%
Victoria Chróścice
0%
Watra Białka Tatrzańska
0%
Węgrzcanka Węgrzce Wielkie
0%
Wolania Wola Rzędzińska
0%
5. Liga Wielkopolskie 3 Zefka Kobyla Góra
0%
Zieloni Żarki
0%
Nie znaleziono quizów pasujących do podanych kryteriów
Rozkład punktacji
Procent ludzi z każdym wynikiem
Percentyl według liczby udzielonych odpowiedzi
Twoja historia wyników
Nie rozwiązałeś tego quizu